| 000 | 00553nam a2200205 u 4500 | ||
|---|---|---|---|
| 005 | 20210223133214.0 | ||
| 008 | 170306s19932006 r 000 0 eng d | ||
| 020 | _a9591011601 | ||
| 035 | _aUPN01000216501 | ||
| 049 | _aCG | ||
| 050 | 4 |
_aPQ7409 C3.2 _bM6.6 1993 |
|
| 100 | 1 |
_aCabrera, Lydia, _d1899-1991 _940411 |
|
| 245 | 1 | 3 |
_aEl monte / _cLydia Cabrera. |
| 250 | _a2a ed. | ||
| 260 |
_aLa Habana : _bLetras Cubanas, _c1993 (2006 impr.). |
||
| 300 |
_a606 p. : _bil. |
||
| 650 | 4 |
_aENSAYOS CUBANOS _917472 |
|
| 905 | _aLibro | ||
| 999 |
_c188601 _d188601 |
||